[Event "Znojemska Rotunda 2009"]
[Site "?"]
[Date "2009.08.16"]
[Round "3.7"]
[White "Marek, Jakub"]
[Black "Vavrousek, Petr"]
[Result "0-1"]
[WhiteElo "1100"]
[BlackElo "1813"]
[PlyCount "158"]
[EventDate "2009.08.??"]
[SourceDate "2009.08.15"]

1. d3 d5 2. Nf3 Nf6 3. g3 c6 4. Bg2 Bg4 5. h3 Bh5 6. Nh2 e5 7. O-O Bd6 8. Bg5
Qb6 9. Qd2 e4 10. dxe4 Nxe4 11. Bxe4 dxe4 12. Qxd6 f6 13. Bh4 Bf7 14. Rd1 Na6
15. Qd7+ Kf8 16. Qd6+ Ke8 17. Bxf6 gxf6 18. Qxf6 Rg8 19. Qe5+ Kf8 20. Qd6+ Ke8
21. Nc3 Nc5 22. Ng4 Rxg4 23. hxg4 Bg6 24. Qe5+ Kf7 25. g5 Rf8 26. Qf6+ Kg8 27.
Qd6 Bh5 28. g4 Bxg4 29. g6 Nd3 30. gxh7+ Kxh7 31. Qh2+ Kg7 32. cxd3 e3 33. Qe5+
Rf6 34. fxe3 Kf7 35. Na4 Qd8 36. Nc3 Qg8 37. Qc7+ Ke8 38. Qb8+ Bc8+ 39. Kh1
Rh6+ 40. Qh2 Rxh2+ 41. Kxh2 Qg4 42. Rh1 Qh3+ 43. Kg1 Qxe3+ 44. Kg2 Qg5+ 45. Kf2
Qf4+ 46. Ke1 Bf5 47. Kd1 Qg4 48. Kc2 b5 49. Rag1 Qd4 50. Rf1 Be6 51. Rh6 Bd5
52. Rhf6 b4 53. Nxd5 cxd5 54. Re6+ Kd7 55. Rff6 a5 56. Rd6+ Ke7 57. Rfe6+ Kf7
58. Rf6+ Kg7 59. Rc6 a4 60. Rfe6 Kf7 61. e3 Qg4 62. Rg6 Qe2+ 63. Kc1 Qxe3+ 64.
Kc2 Qe2+ 65. Kc1 Qxd3 66. Rcd6 Ke7 67. Rge6+ Kf7 68. Rf6+ Kg7 69. Rg6+ Qxg6 70.
Rxg6+ Kxg6 71. Kc2 Kf5 72. b3 a3 73. Kd3 Ke5 74. Kc2 Ke4 75. Kd2 Kd4 76. Ke2
Kc3 77. Kf3 d4 78. Ke2 Kc2 79. Kf3 d3 0-1

[Event "Znojemska Rotunda 2009"]
[Site "?"]
[Date "2009.08.16"]
[Round "3.8"]
[White "Adam, Petr ml."]
[Black "Hemalova, Lydie"]
[Result "1-0"]
[WhiteElo "1795"]
[BlackElo "1250"]
[PlyCount "77"]
[EventDate "2009.08.??"]
[SourceDate "2009.08.15"]

1. e4 c5 2. Nc3 Nc6 3. g3 Nf6 4. Bg2 d6 5. f4 g6 6. Nf3 Bg4 7. h3 Be6 8. O-O d5
9. e5 d4 10. exf6 dxc3 11. fxe7 Bxe7 12. bxc3 O-O 13. Kh2 Bf6 14. Ba3 b6 15. d4
Re8 16. Ne5 Bxe5 17. Bxc6 Bc7 $11 18. Bxe8 Qxe8 19. Re1 Qf8 20. Qf3 Re8 21. Qf2
Bd8 22. dxc5 Qh6 23. h4 Bxh4 24. gxh4 bxc5 25. Bxc5 Qg7 26. Re3 Ra8 27. Rae1
Bd7 28. Bd4 Qf8 29. Re7 Re8 30. Rxd7 h6 31. f5 g5 32. Bc5 Rxe1 {(=)} 33. Bxf8
Re8 34. Bxh6 f6 35. Bxg5 fxg5 36. Qd4 Re2+ 37. Kg3 gxh4+ 38. Kf3 Rxc2 $11 39.
Qg7# 1-0

[Event "Znojemska Rotunda 2009"]
[Site "?"]
[Date "2009.08.16"]
[Round "3.9"]
[White "Novotny, Richard"]
[Black "Smrckova, Svetlana"]
[Result "1-0"]
[WhiteElo "1546"]
[BlackElo "1552"]
[PlyCount "123"]
[EventDate "2009.08.??"]
[SourceDate "2009.08.15"]

1. e4 e5 2. Nf3 Nc6 3. Bb5 a6 4. Ba4 Nf6 5. O-O b5 6. Bb3 d6 7. Re1 Bg4 8. c3
Na5 9. Bc2 c5 10. d3 Be7 11. Bg5 h6 12. Be3 O-O 13. Nbd2 d5 14. exd5 Nxd5 15.
h3 Bxf3 16. Nxf3 Nc6 17. Bb3 Qd6 18. Qe2 Na5 19. Bxd5 Qxd5 20. Bd2 Nc6 21. Nxe5
Nxe5 22. Qxe5 Qxd3 23. Rad1 Bd6 24. Qh5 Rfe8 25. Rxe8+ Rxe8 26. Be3 Rxe3 27.
fxe3 Qxe3+ 28. Kf1 Qf4+ 29. Qf3 Qc4+ 30. Ke1 Qe6+ 31. Qe2 Bg3+ 32. Kf1 Qxa2 33.
Rd8+ Kh7 34. Qe3 g6 35. Qe2 Qb1+ 36. Rd1 Qf5+ 37. Qf3 Qxf3+ 38. gxf3 Bh4 39.
Rd7 Kg7 40. Ra7 h5 41. Rxa6 Be7 42. Rb6 b4 43. c4 f5 44. f4 Bf6 45. b3 Bd4 46.
Ke2 h4 47. Rd6 Bf6 48. Rd5 Be7 49. Re5 Kf6 50. Kf3 Bf8 51. Rd5 g5 52. fxg5+
Kxg5 53. Rd8 Be7 54. Rg8+ Kf6 55. Rh8 Ke6 56. Rh7 Bf6 57. Kf4 Be5+ 58. Kf3 Bf6
59. Kf4 Be5+ 60. Kf3 Bg3 61. Rh8 Ke5 62. Rd8 1-0

[Event "Znojemska Rotunda 2009"]
[Site "?"]
[Date "2009.08.16"]
[Round "3.10"]
[White "Caha, Martin"]
[Black "Skoumal, Radek"]
[Result "1-0"]
[WhiteElo "1250"]
[BlackElo "1474"]
[PlyCount "65"]
[EventDate "2009.08.??"]
[SourceDate "2009.08.15"]

1. d4 d5 2. Nc3 c6 3. g3 Nf6 4. Bg2 g6 5. Nf3 Nbd7 6. O-O Bg7 7. Re1 O-O 8. Bf4
Re8 9. e4 e6 10. e5 Ne4 11. Nxe4 dxe4 12. Rxe4 Nb6 13. Bg5 Qd5 14. Qe2 Qc4 15.
Qxc4 Nxc4 16. b3 f5 17. exf6 Nd6 18. Re2 Nf7 19. fxg7 h6 20. Bf6 b6 21. Ne5 Ba6
22. c4 Nxe5 23. Rxe5 Rac8 24. Rae1 Kf7 25. d5 Kxf6 26. g8=Q Rxg8 27. Rxe6+ Kg7
28. Re7+ Kh8 29. Rxa7 Rce8 30. Rxe8 Rxe8 31. Rxa6 cxd5 32. Bxd5 Rb8 33. Ra8 1-0

[Event "Znojemska Rotunda 2009"]
[Site "?"]
[Date "2009.08.17"]
[Round "4.1"]
[White "Adam, Petr st."]
[Black "Matras, Ondrej"]
[Result "1/2-1/2"]
[WhiteElo "2115"]
[BlackElo "2248"]
[PlyCount "94"]
[EventDate "2009.08.??"]
[SourceDate "2009.08.15"]

1. b3 e5 2. Bb2 Nc6 3. e3 d5 4. Bb5 Bd6 5. f4 Qe7 6. Nf3 Bg4 7. h3 Bxf3 8. Qxf3
Nf6 9. Nc3 a6 10. fxe5 Bxe5 11. Bxc6+ bxc6 12. O-O O-O 13. Na4 Bxb2 14. Nxb2
Ne4 15. Rfd1 Rad8 16. Nd3 Rd6 17. a4 Rfd8 18. a5 Rg6 19. Ra4 h6 20. Nb4 Rdd6
21. Nxa6 Rdf6 22. Qe2 Qd6 23. Rda1 c5 24. Nb8 c4 25. bxc4 Rxg2+ 26. Qxg2 Rg6
27. Qxg6 Qxg6+ 28. Kh1 Qg3 29. Rf1 Nxd2 30. Raa1 Qxh3+ 31. Kg1 Nxc4 32. a6 Nxe3
33. Kf2 Ng4+ 34. Ke2 Qe3+ 35. Kd1 Qd4+ 36. Ke2 Qe4+ 37. Kd2 Qe3+ 38. Kd1 Nf2+
39. Rxf2 Qxf2 40. Ra3 Qf1+ 41. Kd2 Qf4+ 42. Kd1 Qg4+ 43. Kc1 Qg1+ 44. Kb2 Qd4+
45. Kc1 Qg1+ 46. Kb2 Qd4+ 47. Kc1 Qg1+ 1/2-1/2

[Event "Znojemska Rotunda 2009"]
[Site "?"]
[Date "2009.08.17"]
[Round "4.2"]
[White "Vavrousek, Petr"]
[Black "Svanda, Josef"]
[Result "0-1"]
[WhiteElo "1813"]
[BlackElo "2094"]
[PlyCount "80"]
[EventDate "2009.08.??"]
[SourceDate "2009.08.15"]

1. e4 c5 2. Nf3 d6 3. d4 cxd4 4. Nxd4 Nf6 5. Nc3 g6 6. f4 Nc6 7. Nxc6 bxc6 8.
e5 Nd7 9. exd6 exd6 10. Be2 Be7 11. Be3 O-O 12. O-O Nb6 13. a4 Be6 14. b3 d5
15. Na2 c5 16. Bf3 Rb8 17. Qe1 d4 18. Rd1 Qc7 19. Bf2 Bd6 20. g3 Bh3 21. Bg2
Bxg2 22. Kxg2 Rfe8 23. Qd2 Nd5 24. Rfe1 Qc6 25. Kg1 Nf6 26. Rxe8+ Rxe8 27. Re1
Rxe1+ 28. Qxe1 Qf3 29. Nc1 Qd5 30. Qf1 Ne4 31. Qg2 f5 32. Be1 c4 33. b4 d3 34.
cxd3 cxd3 35. Bd2 Qd4+ 36. Kf1 a5 37. bxa5 Bc5 38. Ke1 Bb4 39. Bxb4 Qxb4+ 40.
Kd1 Qxa4+ 0-1

[Event "Znojemska Rotunda 2009"]
[Site "?"]
[Date "2009.08.17"]
[Round "4.3"]
[White "Dvorak, Libor"]
[Black "Mikulu, Lukas"]
[Result "1-0"]
[WhiteElo "2077"]
[BlackElo "1988"]
[PlyCount "57"]
[EventDate "2009.08.??"]
[SourceDate "2009.08.15"]

1. Nf3 d5 2. c4 c6 3. b3 Nf6 4. Bb2 Bf5 5. g3 e6 6. Bg2 Nbd7 7. d3 Be7 8. Nh4
Bg4 9. h3 Bh5 10. Nd2 dxc4 11. bxc4 Nc5 12. O-O Nxd3 13. Bc3 Nc5 14. g4 Bg6 15.
Nxg6 hxg6 16. Qc2 Qc7 17. Nf3 Nce4 18. Be5 Bd6 19. Bxd6 Qxd6 20. g5 Ng3 21.
Rfd1 Qc5 22. gxf6 gxf6 23. Nd4 O-O-O 24. Nb3 Qf5 25. e4 Qf4 26. fxg3 Qxg3 27.
Qf2 Qc3 28. Qxa7 Qxc4 29. Na5 1-0

[Event "Znojemska Rotunda 2009"]
[Site "?"]
[Date "2009.08.17"]
[Round "4.4"]
[White "Petlak, Josef"]
[Black "Adam, Petr ml."]
[Result "1-0"]
[WhiteElo "2008"]
[BlackElo "1795"]
[PlyCount "75"]
[EventDate "2009.08.??"]
[SourceDate "2009.08.15"]

1. e4 c5 2. Nc3 Nc6 3. Nf3 e5 4. d3 g6 5. h3 Bg7 6. Be2 Nge7 7. O-O O-O 8. Be3
d6 9. Qd2 Nd4 10. Bd1 f5 11. exf5 Bxf5 12. Bg5 Qd7 13. Nh2 Rf7 14. Ne4 Raf8 15.
c3 Ne6 16. Bxe7 Qxe7 17. Bb3 Bxe4 18. dxe4 Kh8 19. Bxe6 Qxe6 20. b3 Rf4 21. f3
h5 22. c4 Kh7 23. Rad1 R4f6 24. Qd5 Qxd5 25. Rxd5 Bh6 26. Re1 Bf4 27. Nf1 h4
28. Kf2 Kg7 29. Red1 Rd8 30. Rxc5 dxc5 31. Rxd8 Rf7 32. Rd1 Re7 33. g3 hxg3+
34. Nxg3 Bxg3+ 35. Kxg3 Kf6 36. Rd6+ Kg7 37. h4 Kh6 38. Kg4 1-0

[Event "Znojemska Rotunda 2009"]
[Site "?"]
[Date "2009.08.17"]
[Round "4.6"]
[White "Skokan, Frantisek"]
[Black "Lacina, Filip"]
[Result "1-0"]
[WhiteElo "1901"]
[BlackElo "2013"]
[PlyCount "81"]
[EventDate "2009.08.??"]
[SourceDate "2009.08.15"]

1. e4 c5 2. Nf3 d6 3. d4 cxd4 4. Nxd4 Nf6 5. Nc3 g6 6. Be3 Bg7 7. Be2 O-O 8.
O-O Nc6 9. Qd2 d5 10. Nxc6 bxc6 11. exd5 Nxd5 12. Nxd5 cxd5 13. Bf3 Be6 14. c3
Qd7 15. Rfd1 Rfd8 16. Bd4 f6 17. Qe3 Bf7 18. c4 e5 19. Bc5 d4 20. Bxa8 dxe3 21.
Rxd7 exf2+ 22. Kxf2 Rxd7 23. b3 f5 24. Ke2 g5 25. Rd1 Bh5+ 26. Bf3 Rxd1 27.
Kxd1 g4 28. Bd5+ Kh8 29. g3 a6 30. Bb7 f4 31. Bd6 f3 32. Ke1 Bg6 33. Kf2 Bb1
34. Bxa6 Bd3 35. Bb7 Bf6 36. a4 Kg7 37. a5 Bd8 38. Bxe5+ Kf7 39. Bd5+ Ke7 40.
b4 Kd7 41. Bd4 1-0

[Event "Znojemska Rotunda 2009"]
[Site "?"]
[Date "2009.08.17"]
[Round "4.7"]
[White "Rysavy, Jan"]
[Black "Rysavy, Jindrich"]
[Result "0-1"]
[WhiteElo "1877"]
[BlackElo "1678"]
[PlyCount "86"]
[EventDate "2009.08.??"]
[SourceDate "2009.08.15"]

1. Nf3 c5 2. e4 d6 3. d4 cxd4 4. Nxd4 Nf6 5. Nc3 e6 6. g4 Be7 7. g5 Nfd7 8. h4
Nc6 9. Bb5 Qc7 10. f4 a6 11. Be2 b5 12. Nxc6 Qxc6 13. Bf3 Bb7 14. Rf1 b4 15.
Ne2 Rc8 16. Qd4 f6 17. Be3 a5 18. Rd1 Qc5 19. Qxc5 Nxc5 20. Bxc5 Rxc5 21. Rd2
fxg5 22. hxg5 O-O 23. Nd4 Bc8 24. Bg4 Kf7 25. f5 e5 26. Nb3 Bxg5 27. Rxd6 Rxc2
28. Rd5 Rxb2 29. Rxa5 Bf4 30. Ra7+ Kg8 31. Bh5 h6 32. Rf2 Bg3 33. Be2 Bxf2+ 34.
Kxf2 g6 35. Ke3 gxf5 36. Bc4+ Kh8 37. exf5 Bxf5 38. Nd2 Rd8 39. Nf3 Rd7 40.
Ra8+ Kg7 41. Nh4 Bh7 42. Re8 Rc2 43. Bb3 Rd3# 0-1

[Event "Znojemska Rotunda 2009"]
[Site "?"]
[Date "2009.08.17"]
[Round "4.8"]
[White "Smrckova, Svetlana"]
[Black "Foucek, Simon"]
[Result "1/2-1/2"]
[WhiteElo "1552"]
[BlackElo "1250"]
[PlyCount "101"]
[EventDate "2009.08.??"]
[SourceDate "2009.08.15"]

1. e4 c5 2. Nf3 Nc6 3. d4 cxd4 4. Nxd4 Nf6 5. Nc3 e5 6. Ndb5 a6 7. Nd6+ Bxd6 8.
Qxd6 h6 9. Nd5 Nxd5 10. exd5 Qe7 11. Qc7 Nb4 12. d6 Qe6 13. Bd2 Nd5 14. Qc5 b6
15. Qa3 b5 16. Bxb5 Bb7 17. Bc4 O-O 18. O-O Rfc8 19. Qb3 Bc6 20. Bb4 Rab8 21.
Rad1 Rxb4 22. Bxd5 Rxb3 23. Bxe6 Rxb2 24. Bb3 Be4 25. Rd2 Kh7 26. f3 Bg6 27.
Rc1 a5 {(=)} 28. a4 Rc5 29. Kf2 Rxb3 30. cxb3 Rxc1 31. Rd5 Rc2+ 32. Kg3 e4 33.
fxe4 Bxe4 34. Rxa5 Rc3+ 35. Kf4 Bxg2 36. Rb5 Bc6 37. Rb6 Rd3 38. a5 g5+ 39. Kg4
Rxd6 40. b4 Rd4+ 41. Kf5 Rf4+ 42. Ke5 Ba8 43. b5 Re4+ 44. Kd6 Re6+ 45. Kc7 Rxb6
46. axb6 d5 47. b7 Bxb7 48. Kxb7 d4 49. Kc6 d3 50. b6 d2 51. b7 1/2-1/2

[Event "Znojemska Rotunda 2009"]
[Site "?"]
[Date "2009.08.17"]
[Round "4.9"]
[White "Hemalova, Lydie"]
[Black "Novotny, Richard"]
[Result "1/2-1/2"]
[WhiteElo "1250"]
[BlackElo "1546"]
[PlyCount "72"]
[EventDate "2009.08.??"]
[SourceDate "2009.08.15"]

1. e4 e5 2. Nf3 d6 3. d4 exd4 4. Nxd4 Nf6 5. Nc3 Be7 6. Bf4 O-O 7. Be2 Nbd7 8.
Qd2 Nb6 9. f3 d5 10. O-O-O dxe4 11. Nxe4 Nxe4 12. fxe4 c5 13. Nf5 Qxd2+ 14.
Rxd2 Bxf5 15. exf5 Rad8 16. Rhd1 Nc8 17. Bf3 b6 18. Bb7 Rxd2 19. Rxd2 Bf6 20.
Bxc8 Rxc8 21. Rd7 Ra8 22. Bd6 Rd8 23. Rxd8+ Bxd8 24. Kd2 f6 25. Ke3 Kf7 26. Kf4
Ke8 27. h4 Be7 28. Bxe7 Kxe7 29. h5 Kd6 30. c4 a6 31. b3 a5 32. a4 h6 33. g3
Kc6 34. Ke4 Kd6 35. g4 Kc6 36. Kf4 Kd6 1/2-1/2

[Event "Znojemska Rotunda 2009"]
[Site "?"]
[Date "2009.08.17"]
[Round "4.10"]
[White "Marek, Jakub"]
[Black "Caha, Martin"]
[Result "1-0"]
[WhiteElo "1100"]
[BlackElo "1250"]
[PlyCount "97"]
[EventDate "2009.08.??"]
[SourceDate "2009.08.15"]

1. d3 d5 2. g3 b6 3. Bg2 Bb7 4. Nf3 e6 5. h3 Nc6 6. Nh2 Nf6 7. O-O Qd7 8. Bg5
Be7 9. h4 h6 10. Bxf6 Bxf6 11. Nd2 O-O-O 12. c3 g5 13. h5 d4 14. c4 Be7 15. b3
f5 16. Ndf3 Nb4 17. Ne5 Qe8 18. Ng6 Bxg2 19. Kxg2 Rg8 20. Nxe7+ Qxe7 21. Rg1 f4
22. g4 e5 23. f3 c5 24. a3 Nc6 25. Qd2 Na5 26. Qc2 Qd7 27. e4 dxe3 28. Rad1 b5
29. Rge1 a6 30. Qc3 Nc6 31. cxb5 Qd4 32. Qc2 axb5 33. b4 Rd5 34. bxc5 Rxc5 35.
Qe2 Rd8 36. Qf1 Rc3 37. Rc1 Qxd3 38. Rxc3 Qxc3 39. Rc1 Qd2+ 40. Kh3 Kb7 41.
Qxb5+ Ka7 42. Qc5+ Kb8 43. Qb6+ Kc8 44. Rxc6+ Kd7 45. Qb7+ Ke8 46. Re6+ Kf8 47.
Rf6+ Kg8 48. Rg6+ Kh8 49. Qg7# 1-0

[Event "Znojemska Rotunda 2009"]
[Site "?"]
[Date "2009.08.18"]
[Round "5.1"]
[White "Matras, Ondrej"]
[Black "Svanda, Josef"]
[Result "1-0"]
[WhiteElo "2248"]
[BlackElo "2094"]
[PlyCount "83"]
[EventDate "2009.08.??"]
[SourceDate "2009.08.15"]

1. d4 Nf6 2. c4 g6 3. Nc3 d5 4. cxd5 Nxd5 5. e4 Nxc3 6. bxc3 Bg7 7. Bc4 c5 8.
Ne2 O-O 9. O-O Nc6 10. Be3 Bg4 11. f3 Bd7 12. Rb1 a6 13. dxc5 Na5 14. Bd5 Bb5
15. Rf2 e6 16. Bb3 Qxd1+ 17. Rxd1 Rfd8 18. Rxd8+ Rxd8 19. Nd4 Nxb3 20. axb3 Bf8
21. Nxb5 Rd3 22. Bd4 axb5 23. b4 Bg7 24. Bxg7 Kxg7 25. Rc2 Kf6 26. Kf2 Ke7 27.
Ke2 Rd8 28. Ra2 Rb8 29. Ra5 Kd7 30. Rxb5 Kc7 31. Ra5 Kc6 32. Kd3 Rd8+ 33. Kc4
Rd2 34. b5+ Kc7 35. Ra8 Rxg2 36. b6+ Kd7 37. Rb8 Rb2 38. Rxb7+ Kc8 39. c6 h5
40. Kc5 Rd2 41. Rxf7 Rd8 42. b7+ 1-0

[Event "Znojemska Rotunda 2009"]
[Site "?"]
[Date "2009.08.18"]
[Round "5.2"]
[White "Dvorak, Libor"]
[Black "Adam, Petr st."]
[Result "0-1"]
[WhiteElo "2077"]
[BlackElo "2115"]
[PlyCount "36"]
[EventDate "2009.08.??"]
[SourceDate "2009.08.15"]

1. Nf3 f5 2. g3 Nf6 3. Bg2 g6 4. c4 Bg7 5. Nc3 O-O 6. O-O d6 7. d4 Qe8 8. d5
Na6 9. Nd4 Bd7 10. Rb1 c6 11. Bf4 h6 12. h4 Nc5 13. f3 Nh5 14. b4 e5 15. dxe6
Nxe6 16. e3 Nhxf4 17. gxf4 Nxd4 18. exd4 Qe3+ 0-1

[Event "Znojemska Rotunda 2009"]
[Site "?"]
[Date "2009.08.18"]
[Round "5.3"]
[White "Dobes, Oldrich"]
[Black "Petlak, Josef"]
[Result "1/2-1/2"]
[WhiteElo "1998"]
[BlackElo "2008"]
[PlyCount "71"]
[EventDate "2009.08.??"]
[SourceDate "2009.08.15"]

1. Nf3 Nf6 2. d4 e6 3. g3 b6 4. Bg2 Bb7 5. O-O Be7 6. Nbd2 d6 7. Re1 Nbd7 8. e4
O-O 9. c3 c6 10. Qc2 g6 11. Nf1 Nh5 12. Bh6 Re8 13. Rad1 Qc7 14. Bc1 e5 15. Ne3
c5 16. dxe5 dxe5 17. Ng4 Bf8 18. Qd2 Rad8 19. Qg5 f6 20. Qe3 Nb8 21. Rxd8 Rxd8
22. Nd2 Ba6 23. Bf1 Bxf1 24. Kxf1 Qc6 25. Qf3 Qe6 26. Kg2 Nc6 27. a3 c4 28. Ne3
b5 29. Nc2 Bh6 30. Nf1 Bxc1 31. Rxc1 Rd3 32. Nfe3 Qd7 33. Ne1 Rd2 34. Rc2 Na5
35. Nd5 Rxc2 36. Nxc2 1/2-1/2

[Event "Znojemska Rotunda 2009"]
[Site "?"]
[Date "2009.08.17"]
[Round "5.4"]
[White "Mikulu, Lukas"]
[Black "Hemala, Lubos"]
[Result "1-0"]
[WhiteElo "1988"]
[BlackElo "1688"]
[PlyCount "87"]
[EventDate "2009.08.??"]
[SourceDate "2009.08.15"]

1. e4 e5 2. Nc3 Nf6 3. Bc4 Nc6 4. f4 exf4 5. Nf3 d6 6. d4 Bg4 7. Bxf4 Qd7 8.
O-O O-O-O 9. Bb5 a6 10. Ba4 d5 11. exd5 Nxd5 12. Nxd5 Qxd5 13. Bxc6 Qxc6 14.
Ne5 Bxd1 15. Nxc6 bxc6 16. Raxd1 f6 17. Rfe1 Bd6 18. Bxd6 cxd6 19. Re7 Rd7 20.
Rde1 Kd8 21. R7e6 Kc7 22. c4 Rb8 23. b3 a5 24. Rb1 Rf7 25. a3 Kd7 26. Re2 Re7
27. Rxe7+ Kxe7 28. b4 axb4 29. axb4 Kd7 30. Kf2 Re8 31. b5 Kc7 32. b6+ Kb7 33.
c5 d5 34. Ra1 Re4 35. Ra7+ Kb8 36. Rc7 Rxd4 37. Rxc6 Rd2+ 38. Ke3 Rxg2 39. Kd4
Rd2+ 40. Kc3 Re2 41. Rd6 Re7 42. c6 Re8 43. c7+ Kc8 44. Kd4 1-0

[Event "Znojemska Rotunda 2009"]
[Site "?"]
[Date "2009.08.18"]
[Round "5.5"]
[White "Adam, Petr ml."]
[Black "Skokan, Frantisek"]
[Result "0-1"]
[WhiteElo "1795"]
[BlackElo "1901"]
[PlyCount "44"]
[EventDate "2009.08.??"]
[SourceDate "2009.08.15"]

1. e4 c5 2. Nc3 Nc6 3. g3 g6 4. Bg2 Bg7 5. d3 Nf6 6. Nge2 O-O 7. O-O d6 8. f4
Ne8 9. h3 f5 10. Kh2 Nf6 11. Rf2 e5 12. exf5 Bxf5 13. Bxc6 bxc6 14. fxe5 dxe5
15. Bg5 Qd7 16. Qf1 Bxh3 17. Bxf6 Bxf1 18. Raxf1 Qg4 19. Ne4 Bxf6 20. Rxf6
Qxe2+ 21. R1f2 Qh5+ 22. Kg2 Kg7 0-1

[Event "Znojemska Rotunda 2009"]
[Site "?"]
[Date "2009.08.18"]
[Round "5.6"]
[White "Rysavy, Jindrich"]
[Black "Vavrousek, Petr"]
[Result "1/2-1/2"]
[WhiteElo "1678"]
[BlackElo "1813"]
[PlyCount "56"]
[EventDate "2009.08.??"]
[SourceDate "2009.08.15"]

1. e4 c5 2. Nf3 Nc6 3. d4 cxd4 4. Nxd4 g6 5. Nc3 Bg7 6. Be3 Nf6 7. Bc4 Qa5 8.
f3 Qb4 9. Nxc6 dxc6 10. Bb3 O-O 11. Qd2 Qa5 12. O-O Nd7 13. Bh6 Bxc3 14. Qxc3
Qxc3 15. bxc3 Re8 16. h4 Nc5 17. h5 Nxb3 18. cxb3 f6 19. hxg6 hxg6 20. Bf4 Kg7
21. e5 g5 22. Bd2 Bf5 23. Rae1 Rad8 24. exf6+ exf6 25. Rxe8 Rxe8 26. Re1 Rxe1+
27. Bxe1 Bd3 28. Kf2 Bb1 {(=)} 1/2-1/2

[Event "Znojemska Rotunda 2009"]
[Site "?"]
[Date "2009.08.18"]
[Round "5.7"]
[White "Lacina, Filip"]
[Black "Marek, Jakub"]
[Result "1-0"]
[WhiteElo "2013"]
[BlackElo "1100"]
[PlyCount "57"]
[EventDate "2009.08.??"]
[SourceDate "2009.08.15"]

1. e4 d6 2. d4 Nf6 3. Nc3 g6 4. Nf3 Bg7 5. Be2 h6 6. O-O Nh7 7. Be3 O-O 8. Qd2
Bg4 9. Bxh6 Bxh6 10. Qxh6 Bh5 11. Rad1 e6 12. e5 d5 13. h4 Nc6 14. Ng5 Nxg5 15.
Bxh5 Nh7 16. Bg4 Qe8 17. Rfe1 Qe7 18. Ne2 Qe8 19. c3 Ne7 20. Nf4 f5 21. exf6
Rxf6 22. Rxe6 Qf7 23. Rde1 Re8 24. Rxf6 Qxf6 25. Nxg6 Qf7 26. Be6 Qxe6 27. Rxe6
Nf8 28. Qh8+ Kf7 29. Rf6# 1-0

[Event "Znojemska Rotunda 2009"]
[Site "?"]
[Date "2009.08.19"]
[Round "5.8"]
[White "Novotny, Richard"]
[Black "Rysavy, Jan"]
[Result "1/2-1/2"]
[WhiteElo "1546"]
[BlackElo "1877"]
[PlyCount "66"]
[EventDate "2009.08.??"]
[SourceDate "2009.08.15"]

1. e4 e5 2. Nf3 Nc6 3. Bb5 f5 4. Nc3 fxe4 5. Nxe4 Nf6 6. Nxf6+ Qxf6 7. d3 Bc5
8. O-O O-O 9. Bxc6 bxc6 10. Be3 Bb6 11. Qe2 d6 12. Bxb6 axb6 13. Nd2 Qg6 14.
Qe4 Qh6 15. Qxc6 Ra7 16. Ne4 Qg6 17. Nc3 Bb7 18. Qc4+ Kh8 19. Nd5 Ra5 20. Ne3
Rc5 21. Qg4 Qxg4 22. Nxg4 Rxc2 23. Rac1 Rxb2 24. Rxc7 Ba6 25. f3 Bxd3 26. Rd1
Rb1 27. Rxb1 Bxb1 28. Rc6 Rd8 29. a3 b5 30. Rb6 Bd3 31. Nf2 Bc4 32. Ne4 d5 33.
Nc3 d4 1/2-1/2

[Event "Znojemska Rotunda 2009"]
[Site "?"]
[Date "2009.08.18"]
[Round "5.9"]
[White "Foucek, Simon"]
[Black "Hemalova, Lydie"]
[Result "1-0"]
[WhiteElo "1250"]
[BlackElo "1250"]
[PlyCount "101"]
[EventDate "2009.08.??"]
[SourceDate "2009.08.15"]

1. d4 c5 2. Nf3 e6 3. Nc3 Nf6 4. Bg5 Be7 5. e4 b6 6. Bc4 d5 7. Bxf6 Bxf6 8.
exd5 Qe7 9. dxe6 Bxe6 10. Bxe6 Qxe6+ 11. Qe2 cxd4 12. Qxe6+ fxe6 13. Ne4 O-O
14. Nxf6+ gxf6 15. Nxd4 Kf7 16. O-O-O Nd7 17. Rhe1 Nc5 18. Kb1 Rad8 19. Nc6
Rxd1+ 20. Rxd1 a5 21. Nd4 Rd8 22. Kc1 Ne4 23. f3 Nf2 24. Rd2 Nh1 25. Nb5 Rxd2
26. Kxd2 e5 27. Ke2 Ke6 28. Kf1 Kd5 29. Kg1 Kc5 30. Na3 Kd4 31. Kf1 h5 32. Ke2
h4 33. Nb5+ Kd5 34. Nc3+ Kc4 35. Ne4 f5 {(=)} 36. Nd6+ Kd5 37. Nxf5 e4 38.
fxe4+ Kxe4 39. Nxh4 b5 40. Kf1 Ke3 41. Nf5+ Kd2 42. Nd4 b4 43. Nc6 Kxc2 44.
Nxa5 Kxb2 45. Nc6 b3 46. axb3 Kxb3 47. Kg1 Kc4 48. Kxh1 Kd5 49. h4 Ke6 50. Kh2
Kf5 51. Kg3 1-0

[Event "Znojemska Rotunda 2009"]
[Site "?"]
[Date "2009.08.18"]
[Round "5.10"]
[White "Skoumal, Radek"]
[Black "Smrckova, Svetlana"]
[Result "0-1"]
[WhiteElo "1474"]
[BlackElo "1552"]
[PlyCount "48"]
[EventDate "2009.08.??"]
[SourceDate "2009.08.15"]

1. d4 d5 2. c4 dxc4 3. Nf3 Nf6 4. Nc3 Bg4 5. Bg5 e6 6. e3 h6 7. Bxf6 Qxf6 8.
Be2 Bd6 9. O-O O-O 10. Re1 Nd7 11. g3 Rad8 12. a3 c5 13. Bxc4 Bxf3 14. Qd3 Nb6
15. Bb3 Bc6 16. Ne4 Qf3 17. Bd1 Qxe4 18. Qxe4 Bxe4 19. Rc1 c4 20. Bc2 Bxc2 21.
Rxc2 Rc8 22. Rec1 Rc6 23. Rc3 Rfc8 24. Kf1 Na4 0-1

[Event "Znojemska Rotunda 2009"]
[Site "?"]
[Date "2009.08.19"]
[Round "6.1"]
[White "Adam, Petr st."]
[Black "Petlak, Josef"]
[Result "1/2-1/2"]
[WhiteElo "2115"]
[BlackElo "2008"]
[PlyCount "23"]
[EventDate "2009.08.??"]
[SourceDate "2009.08.15"]

1. d4 Nf6 2. Bg5 d5 3. e3 Nbd7 4. c3 e6 5. Nd2 h6 6. Bh4 Be7 7. Bd3 e5 8. dxe5
Nxe5 9. Be2 c6 10. Ngf3 Nxf3+ 11. Nxf3 O-O 12. O-O 1/2-1/2

[Event "Znojemska Rotunda 2009"]
[Site "?"]
[Date "2009.08.19"]
[Round "6.2"]
[White "Dobes, Oldrich"]
[Black "Matras, Ondrej"]
[Result "0-1"]
[WhiteElo "1998"]
[BlackElo "2248"]
[PlyCount "76"]
[EventDate "2009.08.??"]
[SourceDate "2009.08.15"]

1. Nf3 Nf6 2. d4 g6 3. g3 Bg7 4. Bg2 O-O 5. O-O d6 6. Nbd2 Na6 7. Re1 Re8 8. c3
d5 9. Ne5 c6 10. Nd3 {(=)} 10... Bf5 11. e4 Bxe4 12. Nxe4 Nxe4 13. Bxe4 dxe4
14. Rxe4 c5 15. Be3 Qd5 16. Rf4 Rad8 17. Qf3 Qxf3 18. Rxf3 cxd4 19. cxd4 Bxd4
20. Bxd4 Rxd4 21. Rc1 Red8 22. Rc3 Nb4 23. Nxb4 Rxb4 24. Rb3 Rxb3 25. Rxb3 Rd7
26. Kg2 e5 27. Rb5 f6 28. Ra5 b6 29. Rb5 Kf7 30. a4 Ke6 31. a5 bxa5 32. Rxa5 e4
33. b4 f5 34. b5 Kd6 35. h4 Kc5 36. h5 Kb6 37. Ra6+ Kxb5 38. Rf6 a5 0-1

[Event "Znojemska Rotunda 2009"]
[Site "?"]
[Date "2009.08.19"]
[Round "6.3"]
[White "Svanda, Josef"]
[Black "Dvorak, Libor"]
[Result "1/2-1/2"]
[WhiteElo "2094"]
[BlackElo "2077"]
[PlyCount "40"]
[EventDate "2009.08.??"]
[SourceDate "2009.08.15"]

1. e4 e5 2. Nf3 Nc6 3. Bb5 Bc5 4. c3 f5 5. O-O fxe4 6. Nxe5 Nxe5 7. Qh5+ Ng6 8.
Qxc5 Nf6 9. d3 c6 10. Ba4 d6 11. Qe3 Qe7 12. dxe4 Nxe4 13. Bc2 Nf6 14. Qg3 O-O
15. Bxg6 hxg6 16. Bg5 Bf5 17. Nd2 Rae8 18. Nc4 Qe6 19. Bxf6 Rxf6 20. Ne3 d5
1/2-1/2

[Event "Znojemska Rotunda 2009"]
[Site "?"]
[Date "2009.08.19"]
[Round "6.4"]
[White "Mikulu, Lukas"]
[Black "Skokan, Frantisek"]
[Result "1-0"]
[WhiteElo "1988"]
[BlackElo "1901"]
[PlyCount "43"]
[EventDate "2009.08.??"]
[SourceDate "2009.08.15"]

1. e4 c5 2. Nf3 d6 3. d4 cxd4 4. Nxd4 Nf6 5. Nc3 a6 6. Be3 e5 7. Nb3 Be7 8. f3
Be6 9. Qd2 Nbd7 10. O-O-O Rc8 11. g4 O-O 12. h4 b5 13. h5 Bxb3 14. axb3 b4 15.
Na4 Nc5 16. Nxc5 dxc5 17. Qh2 Qc7 18. g5 Nd7 19. g6 Nb6 20. h6 hxg6 21. hxg7
Kxg7 22. Qh6+ 1-0

[Event "Znojemska Rotunda 2009"]
[Site "?"]
[Date "2009.08.19"]
[Round "6.5"]
[White "Hemala, Lubos"]
[Black "Lacina, Filip"]
[Result "0-1"]
[WhiteElo "1688"]
[BlackElo "2013"]
[PlyCount "58"]
[EventDate "2009.08.??"]
[SourceDate "2009.08.15"]

1. e4 c5 2. Nf3 d6 3. d4 cxd4 4. Nxd4 Nf6 5. Nc3 a6 6. Be2 e6 7. Be3 Be7 8. Qd2
O-O 9. f3 b5 10. O-O Qc7 11. Bd3 Bb7 12. g4 Nc6 13. Nce2 Rfe8 14. Ng3 d5 15.
Nxc6 Bxc6 16. g5 Nd7 17. f4 Nc5 18. e5 Ne4 19. Bxe4 dxe4 20. c3 Red8 21. Qf2
Bb7 22. Bb6 Qc6 23. Bxd8 Rxd8 24. Rad1 Rd3 25. Rxd3 exd3 26. b4 Bd8 27. Qf3
Bb6+ 28. Kg2 Qxf3+ 29. Rxf3 d2 0-1